书目信息 |
| 题名: |
雅典的泰门
|
|
| 作者: | 莎士比亚 著 ;朱生豪 译 | |
| 分册: | ||
| 出版信息: | 北京 大众文艺出版社 2009.05 |
|
| 页数: | 129页 | |
| 开本: | 21cm | |
| 丛书名: | 莎士比亚戏剧经典 | |
| 单 册: | ||
| 中图分类: | I561.33 | |
| 科图分类: | ||
| 主题词: | 悲剧--剧本--英国--中世纪 | |
| 电子资源: | ||
| ISBN: | 978-7-80240-163-1 | |
| 000 | 01074nam 2200277 450 | |
| 001 | 004731287 | |
| 005 | 20100813175325.37 | |
| 010 | @a978-7-80240-163-1@dCNY26.50 | |
| 100 | @a20100515d2009 em y0chiy50 ea | |
| 101 | 1 | @achi@ceng |
| 102 | @aCN@b110000 | |
| 105 | @aa z 000by | |
| 200 | 1 | @a雅典的泰门@Aya dian de tai men@d= Timon of athens@f(英) 威廉·莎士比亚著@F(ying)wei lian·sha shi bi ya zhu@g朱生豪译@Gzhu sheng hao yi@zeng |
| 205 | @a第2版 | |
| 210 | @a北京@c大众文艺出版社@d2009.05 | |
| 215 | @a129页@c图@d21cm | |
| 225 | 2 | @a莎士比亚戏剧经典 |
| 330 | @a本书是莎士比亚最后一出悲剧, 被认为是“未完成的作品”。……泰门的心理是单纯的恨,没有踌躇,没有顾忌,没有反省,没有希冀,总之,他心里没有矛盾冲突,因而无法一个伟大的悲剧人物的。 | |
| 410 | 0 | @12001 @a莎士比亚戏剧经典 |
| 500 | 10 | @aTimon of athens@mChi |
| 606 | 0 | @a悲剧@x剧本@y英国@z中世纪 |
| 690 | @aI561.33@v4 | |
| 701 | 1 | @a莎士比亚@Asha shi bi ya@c(Shakespeare, William),@f1564-1616@4著 |
| 702 | 0 | @a朱生豪@Azhu sheng hao@4译 |
| 801 | 0 | @aCN@c20100515 |
| 905 | @dI561.33@eS071-12=2@f3 | |
| 雅典的泰门= Timon of athens/(英) 威廉·莎士比亚著/朱生豪译.-第2版.-北京:大众文艺出版社,2009.05 |
| 129页:图;21cm.-(莎士比亚戏剧经典) |
| ISBN 978-7-80240-163-1:CNY26.50 |
| 本书是莎士比亚最后一出悲剧, 被认为是“未完成的作品”。……泰门的心理是单纯的恨,没有踌躇,没有顾忌,没有反省,没有希冀,总之,他心里没有矛盾冲突,因而无法一个伟大的悲剧人物的。 |
| ● |
| 相关链接 |
|
|
|
正题名:雅典的泰门
索取号:I561.33/S071-12=2
 
预约/预借
| 序号 | 登录号 | 条形码 | 馆藏地/架位号 | 状态 | 备注 |
| 1 | 1028746 | 210287465 | 社科二线400B/400B社科库 5排1列3层/ [索取号:I561.33/S071-12=2] | 在馆 | |
| 2 | 1028747 | 210287474 | 社科二线400B/400B社科库 5排1列3层/ [索取号:I561.33/S071-12=2] | 在馆 | |
| 3 | 1028748 | 210287483 | 文学库116/116文学库 19排4列5层/ [索取号:I561.33/S071-12=2] | 在馆 |